000 00556nam a2200205Ia 4500
005 20250507130405.0
008 008 250505s9999 xx 000 0 chi d
037 _aAnnuals, Advances
040 _aEASL
_beng
_cEASL
041 _achi
_2eng
084 _aV495.N9, N0
_qEASL
100 _aEckert Carter J. Etc
245 0 _aKorea old and new : A history
260 _aSouth Korea
_bSeoul Ilchokak
_c1990
300 _a454p.
490 _vV.4
650 _aKEL
942 _cTEXL
_hV495.N9, N0
999 _c1319429
_d1319429